000 00343nam a2200145Ia 4500
008 191201s2008 xx 000 0 und d
082 _a338.5
_bAGM
100 _aAGARWAL,S.H
245 0 _aMicroeconomic: Theory and Application
250 _a1st
260 _aN. Delhi
_bExcel Books
_c2008
300 _a238
650 _aBBA
942 _2ddc
_cBK
999 _c4631
_d4631